| 000 | 00600nam a2200181 i 4500 | ||
|---|---|---|---|
| 001 | 50809 | ||
| 003 | ES-MaACL | ||
| 005 | 20230906162236.0 | ||
| 007 | t| | ||
| 008 | 030806s1971 sp ||||1| spa d | ||
| 100 | 1 |
_aChambre, Henri. _937867 |
|
| 245 | 1 | 3 |
_aLa Unión Soviética y el desarrollo económico / _cHenri Chamber ; prefacio de François Perroux ; [versión de Jesús Jiménez Blanco]. |
| 260 |
_aBilbao : _bMensajero, _c[1971] |
||
| 300 |
_a376 p. ; _c22 cm. |
||
| 700 | 1 |
_aPerroux, François. _991381 |
|
| 700 | 1 |
_aJiménez Blanco, Jesús. _966467 |
|
| 852 |
_aES-MaACL _jC-46842 _bR.77333 |
||
| 999 |
_c50809 _d50809 |
||